La hispanidad como problema. Historia, cultura y política.
保存先:
| 第一著者: | |
|---|---|
| フォーマット: | 図書 |
| 出版事項: |
Barcelona, España:
Consejo de Estudios Hispánicos Felipe II,
2018.
|
| シリーズ: | Colección De Regno,
10. |
| 主題: | |
| タグ: |
タグ追加
タグなし, このレコードへの初めてのタグを付けませんか!
|
MARC
| LEADER | 00000nam a22000007a 4500 | ||
|---|---|---|---|
| 003 | CL-VaPUC | ||
| 005 | 20220822114621.0 | ||
| 008 | 220714t2018 ||||| |||| 00| 0 eng d | ||
| 999 | |c 437022 |d 437020 | ||
| 020 | |a 978-84-948041-1-3 | ||
| 040 | |c Pontificia Universidad Católica de Valparaíso | ||
| 082 | 7 | |a 980 AYU 2018 | |
| 100 | |a Ayuso, Miguel |e autor |9 870958 | ||
| 245 | 1 | 3 | |a La hispanidad como problema. |b Historia, cultura y política. |
| 260 | |a Barcelona, España: |b Consejo de Estudios Hispánicos Felipe II, |c 2018. | ||
| 300 | |a 143 páginas. | ||
| 490 | 0 | |a Colección De Regno, |v 10. | |
| 500 | |a c.1 Donación Familia Prof. Alejandro Guzmán Brito. | ||
| 583 | |c 20220328 |k Cristina María Rojas Aguilar | ||
| 650 | |a Hispanidad |x Historia |9 872896 | ||
| 942 | |2 ddc |c BK |n 0 | ||
| 952 | |0 0 |1 0 |2 ddc |4 0 |6 980_000000000000000_AYU_2018 |7 1 |8 C_AGB |9 584759 |a BIBDER |b BIBDER |d 2022-07-14 |e Donación |i 5652784 |o 980 AYU 2018 |p 5652784 |r 2023-01-25 |t 1 |w 2022-07-14 |y BK_US |k AGB | ||